Revision of the systematics and taxonomy of certain north american Gomphocerine grasshoppers (<Gomphocerinae, Acrididae, Orthoptera>) (Registro nro. 12138)

Detalles MARC
000 -CABECERA
Campo de control 006700000a22001930004500
090 ## - CLASIFICACIÓN LOCAL
Colección AR
Consecutivo 03081
041 0# - IDIOMA
Código de idioma para texto/pista de sonido o título separado
100 1# - ASIENTO PRINCIPAL--NOMBRE PERSONAL
Nombre personal Jago, Nicholas D.
245 10 - MENCION DE TITULO
Título Revision of the systematics and taxonomy of certain north american Gomphocerine grasshoppers (<Gomphocerinae, Acrididae, Orthoptera>)
650 14 - ASIENTO SECUNDARIO DE MATERIA - TERMINO TEMATICO
Término temático o nombre geográfico como elemento de entrada Insectos
650 14 - ASIENTO SECUNDARIO DE MATERIA - TERMINO TEMATICO
Término temático o nombre geográfico como elemento de entrada Entomología
650 14 - ASIENTO SECUNDARIO DE MATERIA - TERMINO TEMATICO
Término temático o nombre geográfico como elemento de entrada Sistemática
650 14 - ASIENTO SECUNDARIO DE MATERIA - TERMINO TEMATICO
Término temático o nombre geográfico como elemento de entrada Taxonomía animal
650 14 - ASIENTO SECUNDARIO DE MATERIA - TERMINO TEMATICO
Término temático o nombre geográfico como elemento de entrada Hábitat animal
651 #4 - ASIENTO SECUNDARIO DE MATERIA - NOMBRE GEOGRAFICO
-- Estados Unidos
653 ## - TERMINO DE INDIZACION - NO CONTROLADO
-- Acrididae
773 1# - Item fuente:
Título Proceedings of the Academy of Natural Sciences Philadelphia
Especificación de materiales 123
Descripción física 7
Paginas del Articulo 231-342
Lugar, editorial y fecha de publicación 1969
Información sobre la relación 121
942 ## - ELEMENTOS ADICIONALES (KOHA)
Tipo de ítem Artículo
Existencias
Withdrawn status Lost status Damaged status No para préstamo Colección Ubicación Permanente Ubicación actual Fecha de adquisición Fuente de Valor Datos de publicación Seriada Total Checkouts Número topográfico Inventario / Código de Barras Date last seen Ejemplar Price effective from Forma de adquisición Tipo de material
      No para Préstamo Hemeroteca Bogotá Bogotá 27/02/2015 Varón, Andrés Fuera de circulación   AR 03081 013453 25/03/2015 1 25/03/2015   Artículo